LEADER 02000nam a2200493 i 4500 001 000000006614 003 CaOOAMICUS 005 20260408103901.0 008 180830s1961 it d u000 u ita u 040 $aSeMil$bita 100 1 $aBattaglia, Salvatore,$d<1904-1971>.$0(OLS)http://semarc/name/3461 245 10$aGrande dizionario della lingua italiana /$cSalvatore Battaglia. 264 1$aTorino :$bUTET,$c1961-2009. 300 $a24 v. ;$c31 cm. 650 4$aLingua italiana - Dizionari, vocabolari, glossari, etc.$0(OLS)http://semarc/subject/705 774 0 $t1: A-Balb.$w()35935 774 0 $t2: Balc-Cerr.$w()103071 774 0 $t3: Cert-Dag.$w()103075 774 0 $t4: Dah-Duu.$w()103079 774 0 $t5: E-Fin.$w()103080 774 0 $t6: Fio-Grau.$w()103085 774 0 $t7: Grav-Ing.$w()103086 774 0 $t8: Ini-Libb.$w()103087 774 0 $t9: Libe-Med.$w()103089 774 0 $t10: Mee-Moti.$w()103090 774 0 $t11: Moto-Orac.$w()103091 774 0 $t12: Orad-Pere.$w()103092 774 0 $t13: Perf-Po.$w()103093 774 0 $t14: Pra-Py.$w()103095 774 0 $t15: Q-Ria.$w()103098 774 0 $t16: Rib-Roba.$w()103100 774 0 $t17: Robb-Schi.$w()103101 774 0 $t18: Scho-Sik.$z88-02-05048-1$w()103134 774 0 $t19: Sil-Sque.$z88-02-05372-3$w()103135 774 0 $t20: Squi-Tog.$z88-02-05412-6$w()103136 774 0 $t21: Toi-Z.$z88-02-05983-7$w()109576 774 0 $tSupplemento 2004.$z88-02-06162-9$w()127517 774 0 $tSupplemento 2009.$z978-88-02-08055-0$w()175883 774 0 $tIndice degli autori citati nei volumi 1.-2.-3.-4.-5.-6.-7.-8.$w()36013 774 0 $tSupplemento all'Indice degli autori citati.$w()191890 774 0 $tIndice degli autori citati nei volumi 1.-21. e nel supplemento 2004.$z88-02-06163-7$w()127516 996 $6245$aGrande dizionario della lingua italiana$9(OLS)http://semarc/title/8817 996 $6264$aTorino :$bUTET$9(OLS)http://semarc/publisher/29621